00611nam a22001817a 450000500170000001000150001702000260003203500140005803700090007208200140008110000170009524500620011225000060017426000360018027001520021630000200036850000410038820260612164234.0 aENG-148826 c200.00a9789391399801 aEN-132358 bDBAD a248.8621 aSilva, Vinay a10 Spiritual Benefits of Painful Situations/cVinay Silva a1 bATC PublishersaBengaluruc2023 aSt's Mary Block, Archdiocesan,Pastoral Center,#5, Nandidurga Road,Benson TownbBengalurue560046k+918025491999k7090100444minfo@atcpublishers.com a168p.c21cm(pb) aGaining the Most From Your Suffering